[Event "Druga liga CS - Zapad 2018"]
[Site "?"]
[Date "2018.09.08"]
[Round "2.4"]
[White "Pribanovic, Milivoje"]
[Black "Radenkovic, Aleksa"]
[Result "1/2-1/2"]
[WhiteElo "1871"]
[BlackElo "2004"]
[PlyCount "98"]
[EventDate "2018.09.07"]
[WhiteTeam "KRUSEVAC - Krusevac"]
[BlackTeam "ZUPA - Aleksandrovac"]

1. e4 c5 2. Nf3 e6 3. d4 cxd4 4. Nxd4 a6 5. Nc3 Qc7 6. Be2 Nf6 7. O-O Nc6 8.
Be3 b5 9. Nxc6 dxc6 10. Bf3 Bb7 11. Bg5 Be7 12. Qe2 b4 13. Nd1 a5 14. Re1 Qe5
15. Bh4 O-O 16. Bg3 Qc5 17. c4 bxc3 18. Nxc3 Ba6 19. Qc2 Nh5 20. Rac1 Nxg3 21.
hxg3 Bg5 22. Rcd1 Rfd8 23. Rxd8+ Rxd8 24. Rd1 Rd4 25. Be2 Bb7 26. Rxd4 Qxd4 27.
Qb3 Qb4 28. Qc2 Bf6 29. a3 Qe7 30. Qa4 Qd8 31. Qb3 Qc7 32. Qc4 g6 33. Na4 Bc8
34. b4 axb4 35. axb4 Be5 36. b5 cxb5 37. Qxc7 Bxc7 38. Bxb5 Be5 39. Kf1 Bd4 40.
g4 Kg7 41. Ke2 Bb7 42. f3 Kf6 43. Kd3 e5 44. Nc3 Kg5 45. Ne2 Bb6 46. Kd2 Bc8
47. Ke1 Be6 48. Kf1 Kh4 49. Ba6 Bd7 1/2-1/2

[Event "Druga liga CS - Zapad 2018"]
[Site "?"]
[Date "2018.09.08"]
[Round "2.4"]
[White "Micic, Aleksa"]
[Black "Ristic, Dejan D"]
[Result "1-0"]
[WhiteElo "1683"]
[BlackElo "1803"]
[PlyCount "58"]
[EventDate "2018.09.07"]
[WhiteTeam "ZUPA - Aleksandrovac"]
[BlackTeam "KRUSEVAC - Krusevac"]

1. e4 e5 2. Nf3 Nf6 3. Nxe5 d6 4. Nf3 Nxe4 5. c4 c6 6. d4 d5 7. Bd3 Be7 8. O-O
Bg4 9. Nc3 Nxc3 10. bxc3 O-O 11. h3 Bh5 12. Bf4 Nd7 13. Rb1 b6 14. cxd5 cxd5
15. Ba6 Nf6 16. Bb7 Ne4 17. Rc1 Qd7 18. Bxa8 Rxa8 19. a4 Bg6 20. Ne5 Qe6 21.
Nxg6 Qxg6 22. Qe2 Bg5 23. Bxg5 Qxg5 24. Rfe1 h5 25. f3 Nf6 26. Qa2 h4 27. Rc2
Qf4 28. Rce2 Rc8 29. a5 Nh5 1-0

[Event "Druga liga CS - Zapad 2018"]
[Site "?"]
[Date "2018.09.08"]
[Round "2.5"]
[White "Boskovic, Drasko"]
[Black "Stojanovic, Dobrisav"]
[Result "1-0"]
[WhiteElo "2441"]
[BlackElo "2303"]
[PlyCount "117"]
[EventDate "2018.09.07"]
[WhiteTeam "SLOBODA - Uzice"]
[BlackTeam "PRIKO- Prijepolje"]

1. d4 Nf6 2. Bg5 d5 3. e3 Nbd7 4. Nf3 e6 5. Bd3 h6 6. Bh4 c5 7. c3 Be7 8. O-O
O-O 9. Nbd2 a6 10. Qe2 b6 11. h3 Bb7 12. Ne5 Nxe5 13. dxe5 Nd7 14. Bg3 c4 15.
Bc2 b5 16. Rad1 Bc5 17. Nf3 Qc7 18. Bb1 Rfe8 19. h4 a5 20. Nd4 Nxe5 21. Nxb5
Qb8 22. Qh5 f5 23. a4 Bc6 24. Nd4 Bxa4 25. Nxe6 g6 26. Qxh6 Rxe6 27. Bxf5 Qe8
28. Bxe6+ Qxe6 29. Bxe5 Qxe5 30. Qxg6+ Kh8 31. Rd2 Ra7 32. Qh6+ Kg8 33. Qf4
Qxf4 34. exf4 Bc6 35. Kh2 Re7 36. f5 Kf7 37. g4 Re4 38. Kh3 Rf4 39. f3 d4 40.
cxd4 Bxd4 41. Rc2 Bb5 42. Kg3 Be5 43. Re1 Bd6 44. Re6 Rd4+ 45. Kg2 Ba4 46. Rxd6
Rxd6 47. Rxc4 Bb3 48. Rc7+ Kf6 49. h5 Ke5 50. Kg3 a4 51. f4+ Ke4 52. Re7+ Kd3
53. g5 Kc2 54. Re2+ Kd1 55. Rh2 Bc2 56. f6 Rd7 57. g6 Kc1 58. f7 Rd8 59. g7 1-0

[Event "Druga liga CS - Zapad 2018"]
[Site "?"]
[Date "2018.09.08"]
[Round "2.5"]
[White "Kahrovic, Mersid"]
[Black "Misailovic, Nebojsa"]
[Result "0-1"]
[WhiteElo "2221"]
[BlackElo "2362"]
[PlyCount "72"]
[EventDate "2018.09.07"]
[WhiteTeam "PRIKO- Prijepolje"]
[BlackTeam "SLOBODA - Uzice"]

1. e4 c5 2. Nf3 Nc6 3. Bc4 g6 4. O-O Bg7 5. c3 d6 6. d3 Nf6 7. Bb3 O-O 8. h3 b6
9. Re1 Ba6 10. a4 Ne5 11. Bc2 Qc7 12. Na3 Rad8 13. Nb5 Qb8 14. Bf4 Nh5 15. Bh2
Nxf3+ 16. Qxf3 Bb7 17. Bb3 e5 18. Na3 Kh8 19. Qe3 f5 20. f3 Nf4 21. Bxf4 exf4
22. Qf2 Bc6 23. Rad1 Qb7 24. Qc2 h5 25. Nb1 g5 26. Be6 g4 27. hxg4 fxg4 28.
fxg4 Qe7 29. Bf5 hxg4 30. Bxg4 Bf6 31. Rf1 Bh4 32. Nd2 Bg3 33. Rf3 d5 34. exd5
Bxd5 35. Rff1 Rg8 36. Bh3 Qe2 0-1

[Event "Druga liga CS - Zapad 2018"]
[Site "?"]
[Date "2018.09.08"]
[Round "2.5"]
[White "Misojcic, Miroslav"]
[Black "Kijanovic, Igor"]
[Result "1-0"]
[WhiteElo "2244"]
[BlackElo "2118"]
[PlyCount "81"]
[EventDate "2018.09.07"]
[WhiteTeam "SLOBODA - Uzice"]
[BlackTeam "PRIKO- Prijepolje"]

1. d4 Nf6 2. c4 e6 3. Nc3 Bb4 4. e3 b6 5. Bd3 Bb7 6. Nf3 O-O 7. O-O Bxc3 8.
bxc3 d6 9. Qe2 Nbd7 10. e4 e5 11. Nd2 Re8 12. f3 Nf8 13. Qf2 Ng6 14. Rd1 Qe7
15. Nf1 Nh5 16. Ne3 Nhf4 17. Bf1 Rad8 18. g3 Ne6 19. Nd5 Qd7 20. a4 Nef8 21. a5
c6 22. Ne3 Qc7 23. axb6 axb6 24. Rb1 Ne7 25. f4 exf4 26. gxf4 d5 27. cxd5 cxd5
28. e5 Qxc3 29. Rxb6 Bc8 30. f5 Qc7 31. Rb5 f6 32. Bb2 Qc6 33. Rc1 Qa8 34. Bg2
Qa4 35. Rxd5 Nxd5 36. Bxd5+ Kh8 37. Bc6 Qb3 38. Bxe8 Rxe8 39. Nc4 Bd7 40. exf6
gxf6 41. d5 1-0

[Event "Druga liga CS - Zapad 2018"]
[Site "?"]
[Date "2018.09.08"]
[Round "2.5"]
[White "Brajovic, Miroljub"]
[Black "Pecinar, Zoran"]
[Result "0-1"]
[WhiteElo "2111"]
[BlackElo "2150"]
[PlyCount "80"]
[EventDate "2018.09.07"]
[WhiteTeam "PRIKO- Prijepolje"]
[BlackTeam "SLOBODA - Uzice"]

1. e4 c5 2. Nc3 d6 3. d3 g6 4. g3 Bg7 5. Bg2 Nf6 6. Nge2 O-O 7. O-O Nc6 8. h3
Rb8 9. Be3 b5 10. Qd2 b4 11. Nd1 Qc7 12. Bh6 Nd4 13. Bxg7 Kxg7 14. Ne3 Bxh3 15.
Nxd4 cxd4 16. Bxh3 dxe3 17. Qxe3 Qxc2 18. Rab1 Qa4 19. Ra1 Qa5 20. Rfc1 Rb7 21.
a3 Qh5 22. Kg2 bxa3 23. Rxa3 a5 24. Qd2 Rb5 25. f4 Rfb8 26. Ra2 R8b7 27. Rh1
Qc5 28. Rc1 Qd4 29. Rc4 Qb6 30. Rc2 Rb4 31. f5 Qd4 32. Qc3 g5 33. Kf3 Qb6 34.
Bf1 Qg1 35. Qe1 d5 36. e5 Ne4 37. Rg2 g4+ 38. Kxg4 Nd2+ 39. Kh3 Qh1+ 40. Rh2
Qxh2+ 0-1

[Event "Druga liga CS - Zapad 2018"]
[Site "?"]
[Date "2018.09.08"]
[Round "2.5"]
[White "Knezevic, Veljko"]
[Black "Djokic, Mihailo"]
[Result "0-1"]
[WhiteElo "2086"]
[BlackElo "2127"]
[PlyCount "56"]
[EventDate "2018.09.07"]
[WhiteTeam "SLOBODA - Uzice"]
[BlackTeam "PRIKO- Prijepolje"]

1. d4 Nf6 2. Nf3 g6 3. Bf4 Bg7 4. e3 O-O 5. h3 b6 6. Be2 Bb7 7. O-O d6 8. c4
Nbd7 9. Nc3 Ne4 10. Qb3 e5 11. Bh2 Nxc3 12. bxc3 Qe7 13. Rad1 Kh8 14. Rfe1 f5
15. Nd2 Qf7 16. d5 a5 17. Qc2 Nc5 18. Nb3 Nd7 19. e4 f4 20. Bg4 Nf6 21. Be6 Qe7
22. g4 fxg3 23. Bxg3 Nh5 24. Qe2 Nf4 25. Bxf4 Rxf4 26. f3 Raf8 27. Nd2 Qh4 28.
Qg2 Bh6 0-1

[Event "Druga liga CS - Zapad 2018"]
[Site "?"]
[Date "2018.09.08"]
[Round "2.5"]
[White "Musovic, Sabrija"]
[Black "Zivanic, Slobodan"]
[Result "1/2-1/2"]
[WhiteElo "2005"]
[BlackElo "2068"]
[PlyCount "44"]
[EventDate "2018.09.07"]
[WhiteTeam "PRIKO- Prijepolje"]
[BlackTeam "SLOBODA - Uzice"]

1. e4 c5 2. Nf3 e6 3. d4 cxd4 4. Nxd4 Nc6 5. Nc3 Qc7 6. Nxc6 bxc6 7. Bd3 Nf6 8.
O-O Be7 9. Qe2 d6 10. Kh1 e5 11. h3 Be6 12. f4 exf4 13. Bxf4 Nd7 14. Bc4 Nf8
15. Rad1 Bxc4 16. Qxc4 Ne6 17. Bh2 O-O 18. Rf3 Rad8 19. b4 Rd7 20. Rfd3 Rfd8
21. Ne2 Qb7 22. a3 d5 1/2-1/2

[Event "Druga liga CS - Zapad 2018"]
[Site "?"]
[Date "2018.09.08"]
[Round "2.5"]
[White "Cvijovic, Marko"]
[Black "Vizlina, Branisa"]
[Result "0-1"]
[WhiteElo "1654"]
[BlackElo "2031"]
[PlyCount "68"]
[EventDate "2018.09.07"]
[WhiteTeam "SLOBODA - Uzice"]
[BlackTeam "PRIKO- Prijepolje"]

1. d4 Nf6 2. Nf3 g6 3. g3 Bg7 4. Bg2 O-O 5. O-O d6 6. c4 c6 7. b3 c5 8. Bb2
cxd4 9. Nxd4 Ng4 10. Qd2 Qb6 11. e3 Ne5 12. Nc3 Nbc6 13. Nd5 Qd8 14. Rac1 e6
15. Nxc6 bxc6 16. Nb4 Bb7 17. Bxe5 Bxe5 18. Bxc6 Qc7 19. Bxb7 Qxb7 20. Nd3 Bg7
21. c5 dxc5 22. Nxc5 Qf3 23. b4 Rad8 24. Qc2 Rd5 25. Qa4 h5 26. Rc4 g5 27. h4
Rfd8 28. hxg5 Rxg5 29. Qxa7 Be5 30. Rf4 Bxf4 31. exf4 Rgd5 32. Qb7 h4 33. Qe7
h3 34. Qg5+ Rxg5 0-1

[Event "Druga liga CS - Zapad 2018"]
[Site "?"]
[Date "2018.09.08"]
[Round "2.6"]
[White "Danilovic, Aleksandar"]
[Black "Burovic, Ismet"]
[Result "0-1"]
[WhiteElo "2403"]
[BlackElo "2332"]
[PlyCount "126"]
[EventDate "2018.09.07"]
[WhiteTeam "IVANJICA- Ivanjica"]
[BlackTeam "TUTIN - Tutin"]

1. c4 e5 2. Nc3 g6 3. Nf3 Bg7 4. g3 c6 5. d4 d6 6. dxe5 dxe5 7. Qxd8+ Kxd8 8.
Bg5+ f6 9. O-O-O+ Kc7 10. Bd2 Be6 11. e4 Bh6 12. Be2 Nd7 13. h4 Rd8 14. h5
Bxd2+ 15. Nxd2 Nh6 16. Rh2 g5 17. f3 Nc5 18. Nf1 Rxd1+ 19. Kxd1 Rd8+ 20. Kc2 g4
21. Rf2 gxf3 22. Rxf3 Ng4 23. Ne3 Nxe3+ 24. Rxe3 Bf7 25. b3 Ne6 26. Bd1 Rg8 27.
Kd2 Kd6 28. Ke1 Rg5 29. g4 Nf4 30. Kf2 Be6 31. Rg3 Kc5 32. Ne2 Rxg4 33. Nxf4
Rxf4+ 34. Ke3 f5 35. exf5 Bxf5 36. Rg7 Re4+ 37. Kf3 Rd4 38. Be2 Rd7 39. h6 Kd4
40. Kg3 Rd6 41. Rxb7 Ke3 42. Bh5 Rxh6 43. Be8 Re6 44. Bf7 Rf6 45. Rxa7 e4 46.
Bh5 Rh6 47. Be8 Kd2 48. Bd7 Rf6 49. Bxf5 Rxf5 50. Rd7+ Ke2 51. Rxh7 e3 52. Re7
Kd2 53. Rd7+ Ke1 54. Kg2 e2 55. a4 Rg5+ 56. Kh2 Rg4 57. Kh3 Re4 58. Kg2 c5 59.
a5 Re6 60. a6 Rxa6 61. Re7 Rg6+ 62. Kf3 Kf1 63. Rxe2 Rf6+ 0-1

[Event "Druga liga CS - Zapad 2018"]
[Site "?"]
[Date "2018.09.08"]
[Round "2.6"]
[White "Ikic, Alija"]
[Black "Vuckovic, Branko"]
[Result "0-1"]
[WhiteElo "2160"]
[BlackElo "2245"]
[PlyCount "92"]
[EventDate "2018.09.07"]
[WhiteTeam "TUTIN - Tutin"]
[BlackTeam "IVANJICA- Ivanjica"]

1. Nf3 d5 2. c4 c6 3. b3 Nf6 4. g3 Bf5 5. Bb2 Qc8 6. Nc3 Bh3 7. Bxh3 Qxh3 8. e3
e6 9. Qe2 Nbd7 10. cxd5 exd5 11. d4 Bb4 12. Nd2 O-O 13. Qf3 a5 14. a3 Bd6 15.
Ne2 Rfe8 16. Ng1 Qe6 17. Qe2 Ne4 18. Nxe4 dxe4 19. Qc4 Qf5 20. Ne2 Nb6 21. Qc2
Qf3 22. Rg1 Nd5 23. Nc3 Rac8 24. Qe2 Qf5 25. h4 b5 26. g4 Qe6 27. g5 Nxc3 28.
Bxc3 Qxb3 29. Qb2 Qxb2 30. Bxb2 c5 31. dxc5 Rxc5 32. Rc1 Rxc1+ 33. Bxc1 Rc8 34.
Kd1 Rc3 35. Rg4 Bxa3 36. Bd2 Rc4 37. Bxa5 b4 38. Kd2 Bc1+ 39. Ke2 b3 40. Bc3
Rxc3 41. Rxe4 Rc8 42. Rb4 b2 43. f4 Re8 44. e4 Kf8 45. Kf3 Ra8 46. f5 Ra1 0-1

[Event "Druga liga CS - Zapad 2018"]
[Site "?"]
[Date "2018.09.08"]
[Round "2.6"]
[White "Bugarcic, Ivan"]
[Black "Smailovic, Ramiz"]
[Result "1-0"]
[WhiteElo "2184"]
[BlackElo "2144"]
[PlyCount "76"]
[EventDate "2018.09.07"]
[WhiteTeam "IVANJICA- Ivanjica"]
[BlackTeam "TUTIN - Tutin"]

1. Nf3 d5 2. g3 Nf6 3. Bg2 e6 4. b3 Be7 5. Bb2 O-O 6. d3 c5 7. e3 Nc6 8. Nbd2
Qc7 9. O-O Nd7 10. e4 Bf6 11. Qc1 Bxb2 12. Qxb2 dxe4 13. dxe4 e5 14. Nc4 Nd4
15. Ne1 Nf6 16. Nd3 Nd7 17. c3 Nc6 18. Ne3 Ne7 19. Rad1 b6 20. Nd5 Nxd5 21.
exd5 Qd6 22. c4 f5 23. Rfe1 e4 24. Nf4 Ne5 25. f3 g5 26. Nh5 Rf7 27. f4 gxf4
28. gxf4 Ng4 29. h3 Nf6 30. Nxf6+ Rxf6 31. Qe5 Bd7 32. Re3 Rc8 33. Qxd6 Rxd6
34. Kf2 Kf7 35. a3 a5 36. Rb1 Re8 37. Bf1 Rh6 38. Rg3 Rh4 1-0

[Event "Druga liga CS - Zapad 2018"]
[Site "?"]
[Date "2018.09.08"]
[Round "2.6"]
[White "Rizvanovic, Ibrahim"]
[Black "Naskovic, Filip"]
[Result "0-1"]
[WhiteElo "2147"]
[BlackElo "2197"]
[PlyCount "90"]
[EventDate "2018.09.07"]
[WhiteTeam "TUTIN - Tutin"]
[BlackTeam "IVANJICA- Ivanjica"]

1. d4 Nf6 2. Nf3 e6 3. c4 Bb4+ 4. Bd2 Qe7 5. a3 Bxd2+ 6. Nbxd2 c5 7. e3 b6 8.
Be2 Bb7 9. O-O O-O 10. Ne5 d6 11. Nd3 Nbd7 12. Bf3 d5 13. dxc5 bxc5 14. Qc2
Rac8 15. Rfc1 e5 16. Bxd5 Nxd5 17. cxd5 Bxd5 18. e4 Be6 19. Nc4 f6 20. f4 exf4
21. Nxf4 Bf7 22. Nd5 Qe6 23. Nf4 Qg4 24. g3 Ne5 25. Nxe5 fxe5 26. Qe2 Qg5 27.
Nh3 Qh6 28. Nf2 Bh5 29. g4 Bg6 30. Rc3 Qf4 31. Qe3 Qxe3 32. Rxe3 c4 33. Rc1 Bf7
34. Kf1 Be6 35. Ke2 Rf4 36. Rg1 Rcf8 37. Rg2 Rb8 38. Nd1 Bxg4+ 39. Ke1 Bf3 40.
Rc2 Rd8 41. Rd2 Rd4 42. Nc3 a6 43. Rf2 Bh5 44. Rh3 g6 45. Rxf4 exf4 0-1

[Event "Druga liga CS - Zapad 2018"]
[Site "?"]
[Date "2018.09.08"]
[Round "2.6"]
[White "Kolarevic, Darko"]
[Black "Jovic, Branko"]
[Result "0-1"]
[WhiteElo "2163"]
[BlackElo "2031"]
[PlyCount "60"]
[EventDate "2018.09.07"]
[WhiteTeam "IVANJICA- Ivanjica"]
[BlackTeam "TUTIN - Tutin"]

1. d4 Nf6 2. c4 e6 3. Nc3 Bb4 4. e3 O-O 5. Nge2 d5 6. a3 Bxc3+ 7. Nxc3 b6 8.
cxd5 exd5 9. Bd3 c5 10. O-O Bb7 11. Ne2 Nbd7 12. b3 Qe7 13. Bb2 Rac8 14. Rc1
Rfd8 15. Ng3 g6 16. dxc5 bxc5 17. Bb1 Ne5 18. Ba1 Ne4 19. Nxe4 dxe4 20. Qc2 Ba6
21. Rfd1 Bd3 22. Qc3 Bxb1 23. Rxb1 f6 24. Qa5 Nd3 25. Qa6 Kf7 26. f3 Ne5 27.
fxe4 Ng4 28. Qc4+ Qe6 29. Rxd8 Rxd8 30. Qxc5 Qxe4 0-1